| 000 | 00491nam a22001937a 4500 | ||
|---|---|---|---|
| 003 | CEME | ||
| 005 | 20210628210143.0 | ||
| 008 | 210215b xxu||||| |||| 00| 0 eng d | ||
| 020 | _a0-07-047106-1 | ||
| 040 | _c. | ||
| 082 | _a621.8672 NAY | ||
| 100 |
_aNayyar, Mohinder.L _945463 |
||
| 245 | _aPiping handbook | ||
| 250 | _a7TH | ||
| 260 |
_aNEW YORK _bMCGRAW HILL _c2000 |
||
| 300 | _aVP | ||
| 650 |
_aPIPE FITTING-HANDBOOKS MANUALS PIPE-HANDBOOKS MANUALS _978322 |
||
| 942 |
_cBK _2ddc |
||
| 999 |
_c583464 _d583464 |
||